Recursos humanos y físicos en establecimientos de salud, 1972 /

El presente texto muestra una serie de resultados cuantitativos de la encuesta de 1973 sobre recursos humanos existentes al 31 de diciembre de 1972 en los establecimientos de atención médica bajo la jurisdicción del Consejo Técnico de Asistencia Médico Social de la Caja Costarricense del Seguro Soci...

Descrizione completa

Salvato in:
Dettagli Bibliografici
Ente Autore: Costa Rica. Ministerio de Salubridad Pública. Departamento de Estadística Hospitalaria
Natura: testo
Lingua:Spanish
Pubblicazione: San José: MSP. DEH 1974
Soggetti:
Tags: Aggiungi Tag
Nessun Tag, puoi essere il primo ad aggiungerne!!

MARC

LEADER 00000 a a2200000 04500
001 17860
003 cru CIDCACS/IIS
005 20230522125924.0
008 170529e1974 cr ||||| |||| 00| 0 spa d
020 |a [sin ISBN]  
022 |a [sin ISBN]  
040 |c cru CIDCACS/IIS 
090 |a 02.05.02 M183r  
110 |a Costa Rica. Ministerio de Salubridad Pública. Departamento de Estadística Hospitalaria  
245 |a Recursos humanos y físicos en establecimientos de salud, 1972 /  |c Ministerio de Salubridad Pública. Departamento de Estadística Hospitalaria  
260 |a San José:   |b MSP. DEH   |c 1974 
300 |a 70 páginas 
520 |a El presente texto muestra una serie de resultados cuantitativos de la encuesta de 1973 sobre recursos humanos existentes al 31 de diciembre de 1972 en los establecimientos de atención médica bajo la jurisdicción del Consejo Técnico de Asistencia Médico Social de la Caja Costarricense del Seguro Social como de órganos privados que cuentan con autorización oficial. FGO 22/06/2022 
650 0 |2 TESAURO OCDE  |9 6354  |a ENCUESTAS 
650 0 |2 TESAURO OCDE  |9 2899  |a RECURSOS HUMANOS 
650 0 |2 TESAURO OCDE  |9 5397  |a ATENCION MEDICA 
942 |2 ddc  |c LI  |h 02.05.02 M183r   |i 05619  |6 020502_M183R_05619 
999 |c 14241  |d 14241